[Event "17e Open International de Creon"]
[Site "Creon (FRA)"]
[Date "2012.07.30"]
[Round "1.1"]
[White "Domenech, Vianney"]
[Black "Cornette, Matthieu"]
[Result "0-1"]
[WhiteElo "2200"]
[BlackElo "2567"]
[PlyCount "56"]
[EventDate "2012.??.??"]

1. d4 Nf6 2. Bf4 c5 3. e3 Qb6 4. Nc3 d6 5. Qd2 g6 6. Nf3 Bg7 7. O-O-O O-O 8. h4
Bg4 9. Be2 Nc6 10. Na4 Qb4 11. Qxb4 cxb4 12. d5 Nb8 13. b3 Bd7 14. Rd4 b5 15.
Nb2 Ng4 16. Nd3 a5 17. Re4 Re8 18. Bg5 h6 19. h5 hxg5 20. Nxg5 gxh5 21. Rf4 a4
22. Nxb4 axb3 23. cxb3 Na6 24. Nc6 Nc5 25. Rxf7 Rxa2 26. Rxh5 Rxe2 27. Nxe7+
Rxe7 28. Rxe7 Nxf2 0-1

[Event "17e Open International de Creon"]
[Site "Creon (FRA)"]
[Date "2012.07.30"]
[Round "1.2"]
[White "Gozzoli, Yannick"]
[Black "Van De Berkmortel, Theo"]
[Result "1-0"]
[WhiteElo "2547"]
[BlackElo "2179"]
[PlyCount "83"]
[EventDate "2012.??.??"]

1. d4 e6 2. c4 Nf6 3. Nf3 c5 4. d5 d6 5. Nc3 exd5 6. cxd5 Be7 7. e4 O-O 8. Be2
Nbd7 9. O-O Ne8 10. Nd2 Nc7 11. a4 Bf6 12. Nc4 Nb6 13. Ne3 Re8 14. Bd3 Nd7 15.
Kh1 Ne5 16. Bc2 Ng6 17. f4 Bd4 18. f5 Ne5 19. Ne2 Bxe3 20. Bxe3 b6 21. Ng3 Ba6
22. Rf4 g5 23. Rg4 f6 24. Bd2 Rf8 25. Nh5 Qe7 26. Rg3 Ne8 27. Nf4 Kh8 28. Ne6
Rg8 29. Qh5 Bc8 30. Bc3 Bd7 31. h4 Bxe6 32. fxe6 Ng7 33. Qh6 gxh4 34. Qxh4 Raf8
35. Rf1 Ne8 36. Bd1 Rxg3 37. Qxg3 Rg8 38. Qh3 Rg5 39. Bd2 Rg7 40. Bh5 Nc7 41.
Qh4 Ne8 42. Bh6 1-0

[Event "17e Open International de Creon"]
[Site "Creon (FRA)"]
[Date "2012.07.30"]
[Round "1.3"]
[White "Delorme, Laurie"]
[Black "Lagarde, Maxime"]
[Result "0-1"]
[WhiteElo "2171"]
[BlackElo "2505"]
[PlyCount "38"]
[EventDate "2012.??.??"]

1. d4 Nf6 2. c4 g6 3. Nf3 c5 4. d5 Bg7 5. Nc3 O-O 6. e4 d6 7. h3 Na6 8. Be2 Nc7
9. a4 e5 10. Bg5 h6 11. Be3 Nh5 12. Qd2 Nf4 13. O-O-O f5 14. g3 Nxe2+ 15. Qxe2
a6 16. Nh4 f4 17. Bd2 Qf6 18. Qd3 Bd7 19. Ng2 b5 0-1

[Event "17e Open International de Creon"]
[Site "Creon (FRA)"]
[Date "2012.07.30"]
[Round "1.4"]
[White "Riff, Jean-Noel"]
[Black "Quillien, Emmanuel"]
[Result "1-0"]
[WhiteElo "2500"]
[BlackElo "2161"]
[PlyCount "33"]
[EventDate "2012.??.??"]

1. e4 c5 2. Nf3 Nc6 3. Nc3 e5 4. Bc4 Be7 5. Nd5 d6 6. d3 Nf6 7. Nxe7 Nxe7 8. c3
O-O 9. Bg5 Ng6 10. Nh4 Nxh4 11. Bxh4 Be6 12. O-O Qd7 13. Bxf6 gxf6 14. f4 d5
15. exd5 Bxd5 16. Qh5 Rae8 17. Bxd5 1-0

[Event "17e Open International de Creon"]
[Site "Creon (FRA)"]
[Date "2012.07.30"]
[Round "1.5"]
[White "Louis, Thibault"]
[Black "Inkiov, Ventzislav"]
[Result "0-1"]
[WhiteElo "2151"]
[BlackElo "2460"]
[PlyCount "44"]
[EventDate "2012.??.??"]

1. e4 c5 2. Nc3 Nc6 3. Bb5 g6 4. Bxc6 bxc6 5. d3 Bg7 6. f4 d6 7. Nf3 Nf6 8. O-O
O-O 9. Qd2 c4 10. d4 Qb6 11. Kh1 c5 12. d5 e6 13. Rd1 exd5 14. Nxd5 Nxd5 15.
exd5 Re8 16. c3 Bf5 17. Qf2 Bd3 18. Be3 Qb7 19. b3 Qxd5 20. bxc4 Qxc4 21. Ne1
Bf5 22. Rac1 Re6 0-1

[Event "17e Open International de Creon"]
[Site "Creon (FRA)"]
[Date "2012.07.30"]
[Round "1.6"]
[White "Dumitrache, Dragos-Nicolae"]
[Black "Salles, Louis"]
[Result "1-0"]
[WhiteElo "2447"]
[BlackElo "2147"]
[PlyCount "81"]
[EventDate "2012.??.??"]

1. d4 Nf6 2. c4 g6 3. Nc3 Bg7 4. e4 d6 5. Nf3 O-O 6. Be2 e5 7. O-O Nc6 8. d5
Ne7 9. b4 Nh5 10. Re1 a5 11. bxa5 Rxa5 12. a4 c5 13. Ra3 Nf4 14. Bf1 f5 15.
Bxf4 fxe4 16. Bxe5 exf3 17. Bxg7 Kxg7 18. g3 Bd7 19. Nb5 Bxb5 20. cxb5 Nf5 21.
Rxf3 Nd4 22. Rxf8 Qxf8 23. Bg2 b6 24. h4 Ra7 25. h5 Qf7 26. hxg6 hxg6 27. Re4
Re7 28. Qg4 Ra7 29. Qd1 Re7 30. Kf1 Rxe4 31. Bxe4 Qd7 32. Kg2 Qc8 33. Qd2 Qe8
34. Qf4 Qe7 35. Qg4 Qe8 36. a5 bxa5 37. b6 Qb8 38. Qxg6+ Kf8 39. Qh6+ Kf7 40.
Qh7+ Kf6 41. Qg6+ 1-0

[Event "17e Open International de Creon"]
[Site "Creon (FRA)"]
[Date "2012.07.31"]
[Round "2.2"]
[White "Navrotescu, Catalin"]
[Black "Gozzoli, Yannick"]
[Result "1/2-1/2"]
[WhiteElo "2391"]
[BlackElo "2547"]
[PlyCount "56"]
[EventDate "2012.??.??"]

1. d4 Nf6 2. c4 g6 3. Nc3 Bg7 4. e4 d6 5. Nf3 O-O 6. h3 e5 7. d5 Nh5 8. Nh2 Qe8
9. Be2 Nf4 10. Bf3 f5 11. g3 Nxh3 12. Bg2 fxe4 13. Be3 Na6 14. Bxe4 Nc5 15.
Bxc5 dxc5 16. f3 Ng5 17. Nf1 b5 18. Nxb5 Rb8 19. Qe2 Nxe4 20. fxe4 a6 21. Nxc7
Qa4 22. d6 h5 23. Ne3 Bh6 24. Ncd5 Be6 25. Rf1 Qa5+ 26. Kd1 Rxf1+ 27. Nxf1 Kg7
28. Nfe3 Qd8 1/2-1/2

[Event "17e Open International de Creon"]
[Site "Creon (FRA)"]
[Date "2012.07.31"]
[Round "2.3"]
[White "Lagarde, Maxime"]
[Black "Grimberg, Gilbert"]
[Result "1-0"]
[WhiteElo "2505"]
[BlackElo "2295"]
[PlyCount "31"]
[EventDate "2012.??.??"]

1. e4 c5 2. Nf3 d6 3. d4 cxd4 4. Qxd4 a6 5. Be3 Nc6 6. Qd2 Nf6 7. Nc3 e6 8.
O-O-O b5 9. e5 dxe5 10. Qxd8+ Nxd8 11. Nxb5 axb5 12. Bxb5+ Bd7 13. Rxd7 Nxd7
14. Rd1 Nc6 15. Bxc6 O-O-O 16. Ng5 1-0

[Event "17e Open International de Creon"]
[Site "Creon (FRA)"]
[Date "2012.07.31"]
[Round "2.4"]
[White "Petre, Nad-Titus"]
[Black "Riff, Jean-Noel"]
[Result "1/2-1/2"]
[WhiteElo "2362"]
[BlackElo "2500"]
[PlyCount "40"]
[EventDate "2012.??.??"]

1. Nf3 Nf6 2. g3 d5 3. Bg2 e6 4. c4 c6 5. b3 Be7 6. O-O O-O 7. Bb2 Nbd7 8. d3
a5 9. a3 b6 10. Qc2 Bb7 11. e4 dxe4 12. dxe4 Qc7 13. e5 Ng4 14. Qe2 c5 15. Re1
Nh6 16. Nc3 Bc6 17. Nb5 Qb7 18. a4 Rad8 19. Red1 Nf5 20. Ne1 Nb8 1/2-1/2

[Event "17e Open International de Creon"]
[Site "Creon (FRA)"]
[Date "2012.07.31"]
[Round "2.5"]
[White "Inkiov, Ventzislav"]
[Black "Favarel, Antoine"]
[Result "1-0"]
[WhiteElo "2460"]
[BlackElo "2267"]
[PlyCount "77"]
[EventDate "2012.??.??"]

1. d4 Nf6 2. c4 e6 3. Nf3 d5 4. g3 dxc4 5. Bg2 Nc6 6. O-O Rb8 7. Nc3 b5 8. Ne5
Nxe5 9. dxe5 Nd7 10. Bc6 a6 11. Qd4 Bb7 12. Bxb7 Rxb7 13. Rd1 c5 14. Qg4 Qc7
15. Bf4 h5 16. Qf3 Be7 17. Ne4 Rb6 18. a4 bxa4 19. Nd6+ Bxd6 20. exd6 Qb7 21.
Qc3 f6 22. Rxa4 Kf7 23. h4 Rxb2 24. Rda1 Qb3 25. Qe1 Rb8 26. Bc1 Rb1 27. Rxa6
Rb7 28. Kh2 Qc2 29. R6a2 Qf5 30. e4 Qe5 31. Rxb1 Rxb1 32. Qd1 Kg6 33. Qc2 Rb7
34. Ra3 Kf7 35. Qd1 Kg6 36. Qc2 Kf7 37. Qe2 g6 38. Qxc4 Rb4 39. Qa6 1-0

[Event "17e Open International de Creon"]
[Site "Creon (FRA)"]
[Date "2012.07.31"]
[Round "2.6"]
[White "Loiseau, Quentin"]
[Black "Dumitrache, Dragos-Nicolae"]
[Result "1/2-1/2"]
[WhiteElo "2314"]
[BlackElo "2447"]
[PlyCount "77"]
[EventDate "2012.??.??"]

1. d4 Nf6 2. Nf3 e6 3. c4 b6 4. g3 Ba6 5. Qc2 Bb7 6. Bg2 c5 7. d5 exd5 8. cxd5
Nxd5 9. O-O Be7 10. Rd1 Qc8 11. Qf5 Nf6 12. Nc3 O-O 13. Bg5 Na6 14. Bxf6 Bxf6
15. Rd6 Nc7 16. Rad1 Ne8 17. Rxd7 Bc6 18. Ne5 Bxe5 19. Bxc6 Qxc6 20. Qxe5 Nf6
21. R7d6 Qe8 22. Qf4 Qe7 23. e4 Rfe8 24. f3 h6 25. Qd2 Rab8 26. Qd3 Kf8 27. Rd2
Kg8 28. Kg2 Kf8 29. a4 Kg8 30. Nd1 Qb7 31. Ne3 Rbc8 32. Nf5 Rc6 33. Qc3 Re6 34.
Rd8+ Kh7 35. e5 Ne8 36. Rxe8 Rxe8 37. e6 fxe6 38. Nd6 Rxd6 39. Rxd6 1/2-1/2

[Event "17e Open International de Creon"]
[Site "Creon (FRA)"]
[Date "2012.07.31"]
[Round "2.7"]
[White "Anton, Teodor"]
[Black "Billon, Olivier"]
[Result "1/2-1/2"]
[WhiteElo "2423"]
[BlackElo "2229"]
[PlyCount "88"]
[EventDate "2012.??.??"]

1. d4 Nf6 2. Nf3 g6 3. c4 c5 4. d5 e6 5. Nc3 exd5 6. cxd5 d6 7. Bf4 Bg7 8. h3
O-O 9. e3 Na6 10. Be2 Nc7 11. O-O a6 12. a4 b6 13. Qb3 Rb8 14. Nd2 b5 15. axb5
axb5 16. Nc4 Bb7 17. Nxd6 Bxd5 18. Nxd5 Nfxd5 19. Bg3 c4 20. Qc2 c3 21. bxc3
Nxc3 22. Bf3 Ne6 23. Nb7 Rxb7 24. Bxb7 Qb6 25. Bf3 b4 26. Rab1 Nc5 27. Rb3 Nxb3
28. Qxb3 Rd8 29. Rc1 Qa5 30. Rc2 Qa3 31. Qc4 b3 32. Rxc3 Qa1+ 33. Rc1 b2 34.
Rxa1 bxa1=Q+ 35. Kh2 Be5 36. Bxe5 Qxe5+ 37. g3 Rd2 38. Kg1 Qb2 39. Qf1 h6 40.
h4 Rc2 41. Kg2 Qc3 42. Be4 Ra2 43. Qb5 Kg7 44. Qb8 Kh7 1/2-1/2

[Event "17e Open International de Creon"]
[Site "Creon (FRA)"]
[Date "2012.07.31"]
[Round "2.8"]
[White "Mancini, Mario"]
[Black "Jolly, Jean-Francois"]
[Result "1/2-1/2"]
[WhiteElo "2282"]
[BlackElo "2409"]
[PlyCount "111"]
[EventDate "2012.??.??"]

1. d4 Nf6 2. c4 g6 3. g3 Bg7 4. Bg2 d5 5. cxd5 Nxd5 6. e4 Nb6 7. Ne2 c5 8. d5
e6 9. Nbc3 O-O 10. O-O Na6 11. h3 c4 12. Be3 e5 13. Qd2 Bd7 14. Rad1 Nc8 15. d6
Bc6 16. f4 Qd7 17. fxe5 Bxe5 18. Bf4 Bg7 19. Nd4 Nc5 20. Nxc6 bxc6 21. e5 Nd3
22. Ne4 Nxe5 23. Bxe5 Bxe5 24. Nf6+ Bxf6 25. Rxf6 Rb8 26. Qd4 Nb6 27. Qc5 Nd5
28. Rf2 Rb5 29. Qa3 Re8 30. Rdf1 f5 31. Rd1 Re6 32. Rd4 Qxd6 33. Qxd6 Rxd6 34.
Rxc4 Ne7 35. b3 Re5 36. Rfc2 Rd3 37. R4c3 Ree3 38. Rxd3 Rxd3 39. Kf2 Rd6 40.
Ke2 Kf7 41. Rc5 Ke6 42. Ra5 Rd7 43. Ra6 Kd6 44. b4 Rb7 45. a3 Nd5 46. Kd3 Ne7
47. Kc4 g5 48. Kd4 f4 49. gxf4 gxf4 50. Be4 h6 51. Ra5 Rb5 52. Rxa7 Rh5 53. Ra6
Kc7 54. Ra7+ Kd6 55. Ra6 Kc7 56. Ra7+ 1/2-1/2

[Event "17e Open International de Creon"]
[Site "Creon (FRA)"]
[Date "2012.07.31"]
[Round "2.9"]
[White "Santos Latasa, Jaime"]
[Black "Kirk, Ezra"]
[Result "1/2-1/2"]
[WhiteElo "2399"]
[BlackElo "2216"]
[PlyCount "72"]
[EventDate "2012.??.??"]

1. d4 Nf6 2. c4 g6 3. Nc3 Bg7 4. e4 d6 5. f4 O-O 6. Nf3 c5 7. d5 e6 8. dxe6
Bxe6 9. Bd3 Nc6 10. O-O Bg4 11. h3 Bxf3 12. Qxf3 Nd4 13. Qf2 a6 14. Be3 Qa5 15.
a3 Nc6 16. Kh1 Rfe8 17. Rad1 Rad8 18. Qh4 Rf8 19. f5 Rde8 20. Bg5 Nd7 21. f6
Bh8 22. Nd5 Re6 23. Qh6 Rfe8 24. Rf4 Qa4 25. Rdf1 Qb3 26. R1f3 Qd1+ 27. Kh2
Nce5 28. Rh4 Nf8 29. Ne7+ R6xe7 30. fxe7 Nxf3+ 31. gxf3 Bg7 32. exf8=Q+ Kxf8
33. Qxh7 Qxd3 34. Rf4 Qe2+ 35. Kg3 Qe1+ 36. Kg2 Qe2+ 1/2-1/2

[Event "17e Open International de Creon"]
[Site "Creon (FRA)"]
[Date "2012.07.31"]
[Round "2.10"]
[White "Platel, Alexandre"]
[Black "Song, Julien"]
[Result "0-1"]
[WhiteElo "2251"]
[BlackElo "2398"]
[PlyCount "80"]
[EventDate "2012.??.??"]

1. e4 e6 2. d4 d5 3. Nc3 Bb4 4. Nge2 Nf6 5. Bg5 dxe4 6. a3 Be7 7. Ng3 Nc6 8.
Bb5 O-O 9. Bxc6 bxc6 10. Qd2 h6 11. Be3 Rb8 12. b4 Ba6 13. Ngxe4 Nxe4 14. Nxe4
Qd5 15. f3 Rfd8 16. Rd1 e5 17. Kf2 Qc4 18. Ng3 c5 19. Nf5 Bf8 20. d5 cxb4 21.
a4 Bb7 22. Qe2 Qxe2+ 23. Kxe2 Rxd5 24. Bxa7 Ra8 25. Be3 Rxa4 26. Ra1 Ba6+ 27.
Kf2 Bb5 28. Rhd1 c6 29. Bb6 Bc5+ 30. Bxc5 Rxc5 31. Ne3 Rc3 32. Rxa4 Bxa4 33.
Rd2 g6 34. Ng4 Rxc2 35. Rxc2 Bxc2 36. Nxe5 b3 37. Nc4 c5 38. Ke3 Bf5 39. Kd2
Be6 40. Nd6 Kf8 0-1

[Event "17e Open International de Creon"]
[Site "Creon (FRA)"]
[Date "2012.07.31"]
[Round "3.1"]
[White "Inkiov, Ventzislav"]
[Black "Cornette, Matthieu"]
[Result "1/2-1/2"]
[WhiteElo "2460"]
[BlackElo "2567"]
[PlyCount "39"]
[EventDate "2012.??.??"]

1. d4 Nf6 2. c4 e6 3. Nf3 d5 4. g3 dxc4 5. Qa4+ Nbd7 6. Bg2 a6 7. Nc3 Rb8 8.
Qxc4 b5 9. Qd3 Bb7 10. O-O c5 11. dxc5 Bxc5 12. Bg5 O-O 13. Rad1 h6 14. Bxf6
Nxf6 15. Qxd8 Rfxd8 16. Ne5 Bxg2 17. Kxg2 Rbc8 18. Rxd8+ Rxd8 19. Rd1 Rxd1 20.
Nxd1 1/2-1/2

[Event "17e Open International de Creon"]
[Site "Creon (FRA)"]
[Date "2012.07.31"]
[Round "3.2"]
[White "Song, Julien"]
[Black "Lagarde, Maxime"]
[Result "1/2-1/2"]
[WhiteElo "2398"]
[BlackElo "2505"]
[PlyCount "41"]
[EventDate "2012.??.??"]

1. d4 c6 2. c4 d5 3. cxd5 cxd5 4. Nc3 Nc6 5. Nf3 Nf6 6. Bf4 Bf5 7. e3 e6 8. Bd3
Bxd3 9. Qxd3 Bd6 10. Bxd6 Qxd6 11. O-O O-O 12. Rfc1 Rfc8 13. Na4 e5 14. dxe5
Nxe5 15. Nxe5 Qxe5 16. h3 Qe4 17. Qxe4 dxe4 18. Rxc8+ Rxc8 19. Nc3 Rd8 20. Rd1
Rxd1+ 21. Nxd1 1/2-1/2

[Event "17e Open International de Creon"]
[Site "Creon (FRA)"]
[Date "2012.07.31"]
[Round "3.3"]
[White "Gozzoli, Yannick"]
[Black "Prevot, Rodolphe"]
[Result "1-0"]
[WhiteElo "2547"]
[BlackElo "1917"]
[PlyCount "63"]
[EventDate "2012.??.??"]

1. d4 b6 2. c4 Bb7 3. Nc3 e6 4. a3 g6 5. e4 Bg7 6. Nf3 d6 7. Bd3 Nd7 8. h4 h6
9. Be3 Ngf6 10. Nd2 e5 11. d5 Nc5 12. Be2 a5 13. b4 axb4 14. axb4 Na6 15. Rb1
Bc8 16. h5 g5 17. g4 Nb8 18. c5 bxc5 19. bxc5 dxc5 20. Bxc5 Bf8 21. Be3 Bd6 22.
Nc4 Nbd7 23. f3 Ba6 24. Kf2 Kf8 25. Nb5 Ne8 26. Qc2 Qe7 27. Ncxd6 cxd6 28. Qc6
Bxb5 29. Qxa8 Bxe2 30. Kxe2 Kg7 31. Rhc1 Nef6 32. Qa7 1-0

[Event "17e Open International de Creon"]
[Site "Creon (FRA)"]
[Date "2012.07.31"]
[Round "3.4"]
[White "Riff, Jean-Noel"]
[Black "Loiseau, Quentin"]
[Result "1/2-1/2"]
[WhiteElo "2500"]
[BlackElo "2314"]
[PlyCount "39"]
[EventDate "2012.??.??"]

1. e4 e5 2. Nf3 Nc6 3. Bb5 a6 4. Ba4 Nf6 5. O-O Bc5 6. d3 d6 7. c3 Ba7 8. Bxc6+
bxc6 9. Qe2 h6 10. Nbd2 O-O 11. Re1 Nh5 12. d4 Nf4 13. Qc4 Qf6 14. Qxc6 Bh3 15.
g3 exd4 16. cxd4 Nd3 17. Re3 Nxf2 18. Kxf2 Bxd4 19. Qc4 Bxe3+ 20. Kxe3 1/2-1/2

[Event "17e Open International de Creon"]
[Site "Creon (FRA)"]
[Date "2012.07.31"]
[Round "3.5"]
[White "Dumitrache, Dragos-Nicolae"]
[Black "Mancini, Mario"]
[Result "1-0"]
[WhiteElo "2447"]
[BlackElo "2282"]
[PlyCount "63"]
[EventDate "2012.??.??"]

1. d4 Nf6 2. c4 e6 3. Nf3 b6 4. Nc3 Bb4 5. Bg5 h6 6. Bh4 Bxc3+ 7. bxc3 d6 8.
Nd2 Nbd7 9. e4 e5 10. Bd3 Nf8 11. f3 Ng6 12. Bf2 Nf4 13. Bf1 h5 14. h4 c5 15.
g3 Ne6 16. d5 Nf8 17. Bd3 Ng6 18. Nf1 Ne7 19. Ne3 g6 20. g4 Bd7 21. g5 Nh7 22.
Bg3 Nc8 23. f4 exf4 24. Bxf4 Qe7 25. Qf3 O-O 26. O-O a6 27. Rae1 b5 28. Nf5
gxf5 29. exf5 Qd8 30. Qxh5 bxc4 31. f6 cxd3 32. Qh6 1-0

[Event "17e Open International de Creon"]
[Site "Creon (FRA)"]
[Date "2012.07.31"]
[Round "3.6"]
[White "Kirk, Ezra"]
[Black "Anton, Teodor"]
[Result "0-1"]
[WhiteElo "2216"]
[BlackElo "2423"]
[PlyCount "78"]
[EventDate "2012.??.??"]

1. d4 Nf6 2. c4 e6 3. Nc3 Bb4 4. e3 c5 5. Bd3 O-O 6. Nf3 d5 7. O-O cxd4 8. exd4
dxc4 9. Bxc4 Bxc3 10. bxc3 Qc7 11. Qe2 Nbd7 12. Bd2 b6 13. Bd3 Bb7 14. Rfe1
Rac8 15. Rac1 Rfe8 16. c4 Qd6 17. Bc3 g6 18. Ng5 Qf4 19. Nh3 Qd6 20. f3 Nh5 21.
Qb2 Nf4 22. Nxf4 Qxf4 23. Qa3 a6 24. Qb2 h5 25. Bd2 Qd6 26. Be4 Qc7 27. Bf4
Qxf4 28. Bxb7 Rc7 29. Bxa6 Rd8 30. Kh1 h4 31. Re4 Qg5 32. Rd1 Nc5 33. Rg4 Qe3
34. h3 Nxa6 35. Qxb6 Qe2 36. Rc1 Qd2 37. Rb1 Rb8 38. Qxa6 Rxb1+ 39. Kh2 Qe1 0-1

[Event "17e Open International de Creon"]
[Site "Creon (FRA)"]
[Date "2012.07.31"]
[Round "3.7"]
[White "Jolly, Jean-Francois"]
[Black "Thibault, Pierre-Olivier"]
[Result "1-0"]
[WhiteElo "2409"]
[BlackElo "2077"]
[PlyCount "45"]
[EventDate "2012.??.??"]

1. e4 c5 2. Nf3 d6 3. d4 Nf6 4. Nc3 cxd4 5. Nxd4 a6 6. Be2 e5 7. Nb3 Be7 8. Be3
Be6 9. f4 exf4 10. Bxf4 Nc6 11. Qd2 Rc8 12. O-O-O Bxb3 13. cxb3 O-O 14. Kb1 b5
15. Qe3 Qa5 16. g4 Rfe8 17. g5 Nb4 18. a3 Nc2 19. Kxc2 Nxe4 20. Qxe4 d5 21.
Rxd5 Bxa3 22. Re5 Red8 23. Ra1 1-0

[Event "17e Open International de Creon"]
[Site "Creon (FRA)"]
[Date "2012.07.31"]
[Round "3.8"]
[White "Billon, Olivier"]
[Black "Santos Latasa, Jaime"]
[Result "0-1"]
[WhiteElo "2229"]
[BlackElo "2399"]
[PlyCount "78"]
[EventDate "2012.??.??"]

1. e4 c5 2. Nf3 e6 3. Nc3 a6 4. d4 cxd4 5. Nxd4 Qc7 6. f4 b5 7. Qf3 Bb7 8. Bd3
Nf6 9. Be3 Bb4 10. O-O O-O 11. f5 Nc6 12. Kh1 Bd6 13. a3 Be5 14. Nde2 Rad8 15.
Qh3 Na5 16. Bg5 Nc4 17. Bxf6 Bxf6 18. fxe6 dxe6 19. e5 Rxd3 20. cxd3 Nxe5 21.
Qg3 Qe7 22. Nf4 Nd7 23. Rae1 Bxc3 24. bxc3 Qxa3 25. d4 Qd6 26. Qe3 Rc8 27. Qd3
h6 28. Re3 Nf6 29. Kg1 Qc6 30. Qe2 Rd8 31. Re1 Rd6 32. Qd2 Qc7 33. h3 Rc6 34.
Rg3 Rc4 35. Qc1 b4 36. Re5 Rxd4 37. Nxe6 fxe6 38. Qxh6 Rd1+ 39. Kh2 Ng4+ 0-1

[Event "17e Open International de Creon"]
[Site "Creon (FRA)"]
[Date "2012.07.31"]
[Round "3.10"]
[White "Lancien, Yves"]
[Black "Petre, Nad-Titus"]
[Result "0-1"]
[WhiteElo "1763"]
[BlackElo "2362"]
[PlyCount "36"]
[EventDate "2012.??.??"]

1. d4 e6 2. c4 c5 3. d5 exd5 4. cxd5 d6 5. e4 Be7 6. Nc3 Bf6 7. Nf3 a6 8. a4
Ne7 9. Bg5 Ng6 10. Bxf6 Qxf6 11. Be2 O-O 12. Nd2 Nf4 13. O-O Nd7 14. Bf3 Ne5
15. Qb3 Bh3 16. Ne2 Bxg2 17. Rfe1 Bxf3 18. Nxf3 Nxe2+ 0-1

[Event "17e Open International de Creon"]
[Site "Creon (FRA)"]
[Date "2012.07.31"]
[Round "3.12"]
[White "Marholev, Dimitar"]
[Black "Sauvaget, Franck"]
[Result "1-0"]
[WhiteElo "2356"]
[BlackElo "1952"]
[PlyCount "63"]
[EventDate "2012.??.??"]

1. e4 e6 2. d4 d5 3. Nd2 c5 4. exd5 Qxd5 5. Ngf3 cxd4 6. Bc4 Qd6 7. Qe2 Nf6 8.
Nb3 Nc6 9. Bg5 Qb4+ 10. Bd2 Qb6 11. O-O-O Be7 12. Bg5 O-O 13. Nbxd4 Nxd4 14.
Nxd4 Qc5 15. f4 a6 16. Rhe1 Re8 17. Bb3 h6 18. Bh4 Qh5 19. Nf3 b5 20. h3 Qf5
21. Qe3 a5 22. a4 Ba6 23. Ne5 bxa4 24. Bxa4 Rec8 25. g4 Qh7 26. Nxf7 Bc4 27.
Bxf6 gxf6 28. Nd6 Bxd6 29. Rxd6 Rab8 30. Rd7 Qg6 31. f5 exf5 32. gxf5 1-0

[Event "17e Open International de Creon"]
[Site "Creon (FRA)"]
[Date "2012.07.31"]
[Round "3.17"]
[White "Domenech, Vianney"]
[Black "Venet, Valentin"]
[Result "1-0"]
[WhiteElo "2200"]
[BlackElo "1830"]
[PlyCount "47"]
[EventDate "2012.??.??"]

1. d4 d5 2. Bf4 e6 3. e3 Nf6 4. Nd2 Nbd7 5. Ngf3 b6 6. Bd3 Bb7 7. Ne5 Bd6 8.
Qf3 Rc8 9. c3 Qe7 10. g4 h5 11. gxh5 Nxh5 12. Rg1 Nxf4 13. exf4 Bxe5 14. fxe5
f5 15. exf6 Qxf6 16. Qg3 Rf8 17. O-O-O c5 18. dxc5 Nxc5 19. Bg6+ Kd7 20. Bh5
Qxf2 21. Qxg7+ Kd6 22. a4 Qxh2 23. Bf7 Qe5 24. Nc4+ 1-0

[Event "17e Open International de Creon"]
[Site "Creon (FRA)"]
[Date "2012.07.31"]
[Round "3.22"]
[White "Basso, Pierre-Yves"]
[Black "Salles, Louis"]
[Result "0-1"]
[WhiteElo "1911"]
[BlackElo "2147"]
[PlyCount "60"]
[EventDate "2012.??.??"]

1. d4 Nf6 2. c4 g6 3. Nc3 Bg7 4. e4 d6 5. f4 O-O 6. Nf3 c5 7. d5 e6 8. dxe6
Bxe6 9. Bd3 Bg4 10. h3 Bxf3 11. Qxf3 Nc6 12. O-O Re8 13. Be3 a6 14. Rae1 Nd7
15. Qf2 Nd4 16. Ne2 Nxe2+ 17. Rxe2 Rb8 18. f5 Ne5 19. fxg6 fxg6 20. Rd2 Rf8 21.
Qe2 Rxf1+ 22. Qxf1 Qa5 23. Bb1 Rf8 24. Qe2 Qc7 25. b3 Nc6 26. Rd1 Nd4 27. Qd2
Be5 28. Rf1 Bh2+ 29. Kxh2 Rxf1 30. Bd3 d5+ 0-1

[Event "17e Open International de Creon"]
[Site "Creon (FRA)"]
[Date "2012.07.31"]
[Round "3.36"]
[White "Ballan, Guillaume"]
[Black "Gelos, Guillaume"]
[Result "1-0"]
[WhiteElo "1975"]
[BlackElo "1470"]
[PlyCount "31"]
[EventDate "2012.??.??"]

1. e4 c5 2. c3 Nf6 3. e5 Nd5 4. d4 d6 5. c4 Nb6 6. dxc5 dxc5 7. Qxd8+ Kxd8 8.
Be3 e6 9. Nc3 Nc6 10. O-O-O+ Ke8 11. Nb5 Be7 12. Nc7+ Kf8 13. Nxa8 Nxe5 14.
Nxb6 axb6 15. Be2 g6 16. Bh6+ 1-0

[Event "17e Open International de Creon"]
[Site "Creon (FRA)"]
[Date "2012.07.31"]
[Round "3.38"]
[White "Maupin, Jean-Paul"]
[Black "Gremy, Paul"]
[Result "1-0"]
[WhiteElo "2101"]
[BlackElo "1601"]
[PlyCount "39"]
[EventDate "2012.??.??"]

1. e4 c5 2. Nf3 Nc6 3. Nc3 d6 4. d4 cxd4 5. Nxd4 Nf6 6. f3 e6 7. Be3 Be7 8. Qd2
a6 9. O-O-O Bd7 10. g4 Qc7 11. h4 O-O-O 12. Qf2 Kb8 13. Nxc6+ Qxc6 14. g5 Nh5
15. Be2 g6 16. f4 Rhf8 17. Bf3 e5 18. Nd5 Rde8 19. Rd3 exf4 20. Ba7+ 1-0

[Event "17e Open International de Creon"]
[Site "Creon (FRA)"]
[Date "2012.07.31"]
[Round "3.44"]
[White "Roch, Florian"]
[Black "Kohi, Camilla"]
[Result "1-0"]
[WhiteElo "1617"]
[BlackElo "1775"]
[PlyCount "41"]
[EventDate "2012.??.??"]

1. e4 e6 2. d4 d5 3. Nd2 Nf6 4. e5 Nfd7 5. f4 c5 6. Ngf3 Nc6 7. c3 Qb6 8. Nb3
cxd4 9. Nfxd4 a6 10. Be3 Qc7 11. Bd3 Nb6 12. O-O Bd7 13. Qe2 O-O-O 14. Nxc6
Bxc6 15. Bxa6 Be7 16. Bd3 Rdg8 17. Nd2 Nd7 18. b4 b6 19. a4 g5 20. f5 Qxe5 21.
a5 1-0

[Event "17e Open International de Creon"]
[Site "Creon (FRA)"]
[Date "2012.08.01"]
[Round "4.1"]
[White "Cornette, Matthieu"]
[Black "Song, Julien"]
[Result "1/2-1/2"]
[WhiteElo "2567"]
[BlackElo "2398"]
[PlyCount "46"]
[EventDate "2012.??.??"]

1. Nf3 Nf6 2. c4 c6 3. Nc3 d5 4. e3 e6 5. Qc2 Nbd7 6. b3 Bd6 7. Bb2 b6 8. cxd5
exd5 9. Nd4 Bb7 10. Nf5 Bf8 11. g4 h6 12. f4 g6 13. Ng3 Bd6 14. h4 Qe7 15. Nce2
d4 16. Bg2 dxe3 17. O-O-O Ba3 18. h5 Bxb2+ 19. Kxb2 Nxg4 20. Nd4 Nf2 21. Rde1
Qc5 22. Rxe3+ Kf8 23. Qxc5+ bxc5 1/2-1/2

[Event "17e Open International de Creon"]
[Site "Creon (FRA)"]
[Date "2012.08.01"]
[Round "4.3"]
[White "Lagarde, Maxime"]
[Black "Jolly, Jean-Francois"]
[Result "1/2-1/2"]
[WhiteElo "2505"]
[BlackElo "2409"]
[PlyCount "90"]
[EventDate "2012.??.??"]

1. c4 e5 2. Nc3 Nc6 3. Nf3 f5 4. d4 e4 5. Ng5 Bb4 6. Nh3 Nf6 7. Bg5 h6 8. Bxf6
Qxf6 9. e3 Bxc3+ 10. bxc3 d6 11. Be2 O-O 12. O-O g5 13. f3 exf3 14. Bxf3 Qe7
15. Kh1 Kg7 16. Qd3 Bd7 17. Rae1 Rae8 18. Bh5 Rb8 19. Nf2 Be8 20. Bd1 Bg6 21.
Bc2 Rf6 22. Qd1 Rbf8 23. Bd3 Na5 24. Kg1 Qe6 25. Qa4 b6 26. Qb5 Qe8 27. Qa6 Re6
28. Qxa7 Rf7 29. c5 dxc5 30. dxc5 Rxe3 31. Rb1 Rxd3 32. Nxd3 Qe3+ 33. Nf2 Qxc5
34. Rfe1 f4 35. Rbd1 g4 36. Rd4 Nc6 37. Qa4 b5 38. Qd1 g3 39. hxg3 fxg3 40. Ne4
Qb6 41. Nxg3 Nxd4 42. Qxd4+ Qxd4+ 43. cxd4 Rd7 44. Rc1 Bf7 45. Rc5 Bxa2 1/2-1/2

[Event "17e Open International de Creon"]
[Site "Creon (FRA)"]
[Date "2012.08.01"]
[Round "4.4"]
[White "Santos Latasa, Jaime"]
[Black "Inkiov, Ventzislav"]
[Result "0-1"]
[WhiteElo "2399"]
[BlackElo "2460"]
[PlyCount "90"]
[EventDate "2012.??.??"]

1. d4 Nf6 2. c4 e6 3. Nc3 Bb4 4. f3 d5 5. a3 Bxc3+ 6. bxc3 c5 7. cxd5 exd5 8.
e3 c4 9. Ne2 Nc6 10. g4 g5 11. Ng3 h5 12. e4 h4 13. Nf5 dxe4 14. Bxg5 Bxf5 15.
gxf5 exf3 16. Qxf3 Qe7+ 17. Qe2 Qxe2+ 18. Bxe2 Ne4 19. Bd2 Na5 20. Ra2 O-O-O
21. Rc2 Rhg8 22. Bf3 Rde8 23. Be3 h3 24. Ke2 Nd6 25. Kf2 Nxf5 26. Bf4 Nh4 27.
Bg3 Nxf3 28. Kxf3 Nc6 29. Rb2 Re6 30. Re2 Ne7 31. Rxe6 fxe6 32. Re1 Kd7 33. Re5
Nd5 34. Rh5 Rg7 35. Rxh3 Nxc3 36. Rh8 Rf7+ 37. Ke3 Nd5+ 38. Ke2 c3 39. Rb8 Kc6
40. Re8 Kb5 41. Rxe6 Kc4 42. Re8 Kb3 43. Rd8 c2 44. Rc8 Kb2 45. Kd2 Nc7 0-1